Cirugía de los nervios periféricos / (Record no. 113204)

MARC details
000 -LEADER
campo de control de longitud fija 00620nam a2200193 4500
001 - NÚMERO DE CONTROL
campo de control 113204
003 - IDENTIFICADOR DE NÚMERO DE CONTROL
campo de control ES-MaACL
005 - FECHA Y HORA DE LA ÚLTIMA TRANSACCIÓN
campo de control 20230906185809.0
007 - CAMPO FIJO DE DESCRIPCIÓN FÍSICA--INFORMACIÓN GENERAL
campo de control de longitud fija t|
008 - DATOS DE LONGITUD FIJA--INFORMACIÓN GENERAL
campo de control de longitud fija 061121s1960 sp r ||||1| spa d
100 1# - ENTRADA PRINCIPAL--NOMBRE DE PERSONA
Nombre de persona Nigst, Henry.
9 (RLIN) 85738
245 10 - MENCIÓN DEL TÍTULO
Título Cirugía de los nervios periféricos /
Mención de responsabilidad, etc. Henry Nigst ; con una introducción de Rudolf Nissen ; traducción de Luis Martín Sanz.
250 ## - MENCION DE EDICION
Mención de edición 1ª. ed.
260 ## - PUBLICACIÓN, DISTRIBUCIÓN, ETC.
Lugar de publicación, distribución, etc. Madrid :
Nombre del editor, distribuidor, etc. Alhambra,
Fecha de publicación, distribución, etc. 1960.
300 ## - DESCRIPCIÓN FÍSICA
Extensión XII, 190 p. :
Otras características físicas il. ;
Dimensiones 25 cm.
700 1# - ENTRADA AGREGADA--NOMBRE PERSONAL
Nombre de persona Nissen, Rudolf.
9 (RLIN) 85772
700 1# - ENTRADA AGREGADA--NOMBRE PERSONAL
Nombre de persona Martín Sanz, Luis.
9 (RLIN) 77656
852 ## - LOCALIZACIÓN
Ubicación ES-MaACL
Número de control de estantería C-17935
Sublocalización o colección R.45851
Holdings
Estatus retirado Estado de pérdida Estado de daño No para préstamo Biblioteca de origen Biblioteca actual Ubicación en estantería Fecha de adquisición Fuente de adquisición Total de préstamos Signatura topográfica completa Código de barras Visto por última vez Precio de reemplazo Tipo de ítem Koha
        Biblioteca del Ateneo de Madrid Biblioteca del Ateneo de Madrid Galería 17/01/2008     C-17935 1118076 23/02/2023 23/02/2023 Libro impreso